| 000 | 00723nam a2200253Ia 4500 | ||
|---|---|---|---|
| 003 | OSt | ||
| 005 | 20220918223754.0 | ||
| 006 | a|||||r|||| 00| 0 | ||
| 007 | ta | ||
| 008 | 220917b |||||||| |||| 00| 0 eng d | ||
| 024 | _a224,988 | ||
| 037 | _cTextual | ||
| 040 |
_aARTS _cARTS _beng |
||
| 041 |
_2eng _aeng |
||
| 082 | _aS5:5, P0 | ||
| 100 |
_aFischer Agneta H. Ed. _9146580 |
||
| 245 | 0 |
_aGender and emotion _b Social psychological perspectives |
|
| 260 |
_aUK _bCambridge University Press _c2000 |
||
| 300 |
_axi, 332p. _ccm. |
||
| 490 | _aStudies in emotion and social interaction | ||
| 650 | _aPSYCHOLOGY | ||
| 942 |
_hS5:5, P0 _cTEXL _2CC |
||
| 999 |
_c279396 _d279396 |
||